00519nam a2200193 a 4500001001300000003000900013005001700022008004100039020001000080082001800090100002500108245003300133260003900166300000900205500003500214505002800249650002300277700002500300nice12345678IN_TiNIC20260116015140.0050524s1998 dela grp 000 0 hin  ac15000a297.1227bPAR aParekh, Abdul Kareem aQuran-E-Majeed (translation) aDelhibEducational Pub Housec1998 a726p aincludes index and biblioraphy2 aForeign Parts 1701-1950 aQuran-Hermeneutics1 aParekh, Abdul Kareem